Law : made simple
Na minha lista:
| Autor principal: | |
|---|---|
| Outros Autores: | |
| Formato: | Livro |
| Publicado em: |
London :
Heinemann,
1985
|
| Assuntos: | |
| Tags: |
Adicionar Tag
Sem tags, seja o primeiro a adicionar uma tag!
|
MARC
| LEADER | 00000nam a2200000 4500 | ||
|---|---|---|---|
| 020 | |a 0434984760 | ||
| 040 | |a MUL |b eng. |e AACR | ||
| 082 | |a 344.2 PAD | ||
| 100 | |a Padfield, Colin Frank | ||
| 245 | |a Law : |b made simple |c / Colin Frank Padfield and D. L. A. Barker | ||
| 260 | |a London : |b Heinemann, |c 1985 | ||
| 300 | |a xvi, 426 p. : |c 24 cm | ||
| 504 | |a Includes index | ||
| 546 | |a eng. | ||
| 650 | |a Legal sources | ||
| 700 | |a Barker, D. L. A. | ||
| 942 | |c BK | ||
| 999 | |c 9839 |d 9839 | ||